Celebrazione Eucaristica (Record n. 37856)

Dettagli MARC
000 -LEADER
fixed length control field 00580nam a22001697a 4500
003 - CONTROL NUMBER IDENTIFIER
control field IT-RoPau
005 - DATE AND TIME OF LATEST TRANSACTION
control field 20220918175939.0
008 - FIXED-LENGTH DATA ELEMENTS--GENERAL INFORMATION
fixed length control field 130128b xxu||||| |||| 00| 0 eng d
040 ## - CATALOGING SOURCE
Transcribing agency IT-RoPau
100 ## - MAIN ENTRY--PERSONAL NAME
Personal name Merlo , Tecla
9 (RLIN) 276
245 ## - TITLE STATEMENT
Title Celebrazione Eucaristica
Remainder of title Presieduta da Sua Em.za il Card. Eduardo Martinez Somalo, Prefetto della Congregazione per gli istituti di vita consacrata e le Società di vita apostolica Cripta del Santuario Regina Apostolorum
250 ## - EDITION STATEMENT
Edition statement I
260 ## - PUBLICATION, DISTRIBUTION, ETC. (IMPRINT)
Place of publication, distribution, etc. Roma
Name of publisher, distributor, etc. FSP
Date of publication, distribution, etc. 1994
300 ## - PHYSICAL DESCRIPTION
Extent 16 p.
Dimensions 20,5 cm
490 ## - SERIES STATEMENT
Volume/sequential designation I
942 ## - ADDED ENTRY ELEMENTS (KOHA)
Source of classification or shelving scheme Dewey Decimal Classification
Koha item type LIBRO
Dati di copia
Withdrawn status Lost status Source of classification or shelving scheme Damaged status Not for loan Home library Current library Date acquired Total Checkouts Full call number Date last seen Price effective from Koha item type
    Dewey Decimal Classification Buone Condizioni Not For Loan PAULUS-BIBLIOTECA PAULUS-BIBLIOTECA 28/01/2013   PB 4 28/01/2013 28/01/2013 LIBRO
CREDITS: SOCIETA' SAN PAOLO Via A.Severo, 58 - ROMA (RM) & PERIODICI SAN PAOLO SRL Via Giotto, 36 MILANO & CISF Via Giotto, 36 MILANO & EDIZIONI SAN PAOLO SRL,  Piazza Soncino, 5 CINISELLO BALSAMO (MI) -- ITALY